000 00611nam a2200193 i 4500
001 77243
003 ES-MaACL
005 20230906173127.0
007 t|
008 041007s1967 sp ||||1| spa d
100 1 _aHaas, Harold M.
_961358
245 1 0 _aEscuela de vendedores /
_cpor Harold M. Haas ; apéndice por Jaime Vicens Carrió ; [traducción por G. Martinengo].
250 _a[4ª ed.].
260 _aBarcelona :
_bLuis Miracle,
_c[1967]
300 _a210 p. ;
_c22 cm.
700 1 _aVicens Carrió, Jaime.
_9114317
700 1 _aMartinengo, Gloria.
_977702
852 _aES-MaACL
_jC-47331
_bR.68002
999 _c77243
_d77243